New product development: an introduction to a multifunctional process (Record no. 78787)
[ view plain ]
| 000 -LEADER | |
|---|---|
| fixed length control field | 01002nam a2200205 a 4500 |
| 008 - FIXED-LENGTH DATA ELEMENTS--GENERAL INFORMATION | |
| fixed length control field | 120416s1997 xx |||||||||||||| || u |
| 020 ## - INTERNATIONAL STANDARD BOOK NUMBER | |
| International Standard Book Number | 0750624272 |
| 050 ## - LIBRARY OF CONGRESS CALL NUMBER | |
| Classification number | HF 5415.153 Jon |
| 100 ## - MAIN ENTRY--PERSONAL NAME | |
| Personal name | Jones, Tim |
| 245 10 - TITLE STATEMENT | |
| Title | New product development: an introduction to a multifunctional process |
| Statement of responsibility, etc. | Tim Jones |
| 260 ## - PUBLICATION, DISTRIBUTION, ETC. | |
| Place of publication, distribution, etc. | |
| Name of publisher, distributor, etc. | Butterworth-Heinemann |
| Date of publication, distribution, etc. | 1997 |
| 300 ## - PHYSICAL DESCRIPTION | |
| Extent | xv, 134 p. : ill. |
| 350 ## - | |
| -- | 0.00 |
| 650 ## - SUBJECT ADDED ENTRY--TOPICAL TERM | |
| Topical term or geographic name entry element | TOURISM |
| 650 ## - SUBJECT ADDED ENTRY--TOPICAL TERM | |
| Topical term or geographic name entry element | NEW PRODUCTS--MANAGEMENT |
| 650 ## - SUBJECT ADDED ENTRY--TOPICAL TERM | |
| Topical term or geographic name entry element | PRODUCT MANAGEMENT |
| 995 ## - | |
| -- | ANNEX COLLECTION (Main Library) |
| -- | 0.00 |
| -- | 733416 |
| -- | CBU-MAIN LIBRARY (Kitwe) |
| -- | 1 |
| -- | 18.95 |
| -- | HF 5415.153 Jon |
| -- | 1 |
| -- | AVAILABLE |
| -- | 45274 |
| -- | Annex Low-Usage Collection |
| 995 ## - | |
| -- | ANNEX COLLECTION (Main Library) |
| -- | 0.00 |
| -- | 733415 |
| -- | CBU-MAIN LIBRARY (Kitwe) |
| -- | 1 |
| -- | 0.00 |
| -- | HF 5415.153 Jon |
| -- | 3 |
| -- | AVAILABLE |
| -- | Aug 10, 2007 |
| -- | 45271 |
| -- | Annex Low-Usage Collection |
| 995 ## - | |
| -- | MAIN LIBRARY OPEN ACCESS |
| -- | 0.00 |
| -- | 730193 |
| -- | CBU-MAIN LIBRARY (Kitwe) |
| -- | 2 |
| -- | 18.95 |
| -- | HF 5415.153 Jon |
| -- | 2 |
| -- | AVAILABLE |
| -- | 027237 |
| -- | Main Library Open Access Collection |
| 999 ## - | |
| -- | 78787 |
| -- | 78787 |
| Withdrawn status | Lost status | Source of classification or shelving scheme | Damaged status | Not for loan | Permanent Location | Current Location | Shelving location | Date acquired | Total Checkouts | Full call number | Barcode | Date last seen | Copy number | Price effective from | Koha item type |
|---|---|---|---|---|---|---|---|---|---|---|---|---|---|---|---|
| CBU-MAIN LIBRARY, KITWE. | CBU-MAIN LIBRARY, KITWE. | 06/06/2023 | HF 5415.153 Jon | 45274 | 06/06/2023 | 1 | 06/06/2023 | MONOGRAPH | |||||||
| CBU-MAIN LIBRARY, KITWE. | CBU-MAIN LIBRARY, KITWE. | 06/06/2023 | HF 5415.153 Jon | 45271 | 06/06/2023 | 2 | 06/06/2023 | MONOGRAPH | |||||||
| CBU-MAIN LIBRARY, KITWE. | CBU-MAIN LIBRARY, KITWE. | 06/06/2023 | HF 5415.153 Jon | 027237 | 06/06/2023 | 3 | 06/06/2023 | MONOGRAPH |